1354 1292 1092 1605 1074 1973 1489 1595 1233 1311 1792 1860 1240 1328 1595 1613 1079 1964 1594 1350 1009 1417 1738 1941 1871 1011 1722 1521 1699 1076 1292 1243 1596 1544 1775 1858 1216 1283 1286 1926 1475 1819 1808 1159 1189 1800 1927 1853 1250 1712 1290 1811 1844 1461 1318 1286 1324 1991 1445 1638 1386 1115 1482 1835 1364 1759 1116 1162 1664 1089 1010 1775 1481 1467 1916 1561 1544 1615 1644 1759 1997 1664 1086 1072 1449 1732 1538 1796 1272 1946 1369 1489 1183 1939 1554 1837 1214 1663 1326 BCNSPRNW ULIB Ver.6.0+V

เปลี่ยนเป็นภาษาไทย

Change to English
 แสดงรายละเอียดบรรณานุกรม
  กลับหน้าหลัก

Brief Record : Get Marc (ISO 2709) : E-mail record : QR code < ปิดหน้าต่าง
LEADER : 00000nam 2200000uu 4500
001    13399111028
003     ULIB
008    110615s||||||||th 000 0 tha d
020    9746845985
050  4 B69^bบ949ค 2546
100 0  ใบไผ่เขียว
245 10 คำสอนเป็นมังกร :^bสอนลูกเป็นมังกรฉบับสมบูรณ์ /^cใบไผ่เขียว
250    พิมพ์ครั้งที่ 1
260    กรุงเทพฯ :^bสยามอินเตอร์บุ๊คส์,^c2546
300    163 หน้า ;^c21 ซม.
650  7 การดำเนินชีวิต
650  7 ทักษะชีวิต
650  7 ความสำเร็จ
945    ^p125^l0^i019562
995    ทศพร
999 ^a ใช้งานได้ทุกระบบ
รายการนี้ยังไม่มีแท็ก
คุณยังไม่ได้ล็อกอิน คุณสามารถมีกิจกรรมร่วมกับเว็บไซต์ได้ แต่ต้องล็อกอินก่อน ::
  ล็อกอิน

รายการสื่อสารสนเทศ

ลำดับที่ ประเภท เลขเรียก/บาร์โค้ด สถานที่ สถานะ
- ไม่พบข้อมูล -

รายการใกล้เคียง
    หัวเรื่อง [การดำเนินชีวิต]
    หัวเรื่อง [ทักษะชีวิต]
    หัวเรื่อง [ความสำเร็จ]

BibComment


ยังไม่เคยถูกคอมเมนท์

คอมเมนท์ทรัพยากรรายการนี้
  คอมเมนท์: คำสอนเป็นมังกร ส..


 Copyright 2026. Bcnsprnw @Library